[Event "2. Bundesliga West 2006/2007"]
[Site "Lustenau"]
[Date "2007.03.03"]
[Round "10.1"]
[White "Gatterer, Florian"]
[Black "Schmidlechner, Alexander"]
[Result "1-0"]
[WhiteElo "2185"]
[BlackElo "2232"]
[PlyCount "87"]
[EventDate "2006.10.21"]
[SourceDate "2006.10.21"]

1. f4 d5 2. Nf3 Nf6 3. e3 g6 4. Be2 Bg7 5. O-O O-O 6. d3 c5 7. Nc3 Nc6 8. e4
dxe4 9. dxe4 Nd4 10. e5 Nxe2+ 11. Qxe2 Nd5 12. Ne4 Qc7 13. c4 Nb4 14. a3 Nc6
15. Be3 b6 16. Nc3 Ba6 17. Nd5 Qb7 18. b3 Na5 19. Qc2 Rfd8 20. Rfd1 Rac8 21. f5
b5 22. f6 exf6 23. exf6 Bf8 24. Qc3 b4 25. axb4 cxb4 26. Qb2 Bxc4 27. Ne7+ Bxe7
28. fxe7 Rxd1+ 29. Rxd1 Qxe7 30. Bh6 f6 31. bxc4 Nxc4 32. Qb3 a5 33. Re1 Qf7
34. Qa4 g5 35. h3 Nd6 36. Qxa5 b3 37. Bxg5 fxg5 38. Qxg5+ Qg6 39. Qd5+ Kh8 40.
Ne5 Qg3 41. Rf1 Qe3+ 42. Kh2 Qe2 43. Rf4 Qe3 44. Rf3 1-0

[Event "2. Bundesliga West 2006/2007"]
[Site "Lustenau"]
[Date "2007.03.03"]
[Round "10.1"]
[White "Gattenloehner, Sebastian"]
[Black "Hengl, Christian"]
[Result "0-1"]
[WhiteElo "2210"]
[BlackElo "2200"]
[PlyCount "98"]
[EventDate "2006.10.21"]
[SourceDate "2006.10.21"]

1. e4 e6 2. d4 d5 3. Nd2 Nf6 4. e5 Nfd7 5. f4 c5 6. c3 Nc6 7. Ndf3 cxd4 8. cxd4
Nb6 9. Bd3 Be7 10. Ne2 f5 11. Nc3 Bd7 12. Rg1 a6 13. g4 O-O 14. Qe2 Nb4 15. Bb1
fxg4 16. Rxg4 Rf7 17. a3 Nc6 18. Qd3 g6 19. h4 Rg7 20. h5 Be8 21. h6 Rf7 22.
Rxg6+ hxg6 23. Qxg6+ Kh8 24. f5 Bh4+ 25. Kd1 Qe7 26. Qg4 exf5 27. Bxf5 Rxf5 28.
Qxf5 Bd7 29. Qh5 Rg8 30. Qxh4 Bg4 31. Qxe7 Bxf3+ 32. Ke1 Nxe7 33. Kf2 Be4 34.
Nxe4 dxe4 35. Bd2 Nbd5 36. Bc3 Kh7 37. Rh1 Rg6 38. Bb4 Nf5 39. Rh5 e3+ 40. Kf3
Rg3+ 41. Ke4 Nxb4 42. axb4 Rg1 43. Rh2 e2 44. Rxe2 Ng3+ 45. Kf3 Nxe2 46. Kxe2
Rg3 47. d5 Kg6 48. h7 Rh3 49. d6 Kf7 0-1

[Event "2. Bundesliga West 2006/2007"]
[Site "Lustenau"]
[Date "2007.03.03"]
[Round "10.1"]
[White "Jedinger, Andreas"]
[Black "Scheffknecht, Philipp"]
[Result "1/2-1/2"]
[WhiteElo "2120"]
[BlackElo "2179"]
[PlyCount "95"]
[EventDate "2006.10.21"]
[SourceDate "2006.10.21"]

1. e4 c5 2. Nf3 e6 3. d4 cxd4 4. Nxd4 a6 5. Nc3 Qc7 6. Be2 d6 7. O-O Nf6 8. f4
Nbd7 9. Kh1 b5 10. Bf3 Bb7 11. a3 Rc8 12. g4 h6 13. Qe2 g5 14. fxg5 hxg5 15.
Bxg5 Be7 16. Be3 Nc5 17. Bg1 Nh7 18. Rad1 Ng5 19. Bg2 Nd7 20. Nf3 Nh3 21. Be3
Nf6 22. Ng5 Nxg5 23. Bxg5 Nxe4 24. Nxe4 Bxe4 25. Bxe7 Bxg2+ 26. Qxg2 Kxe7 27.
Rd2 Rcg8 28. Qf3 Rh7 29. Rdf2 Qb6 30. Qf6+ Kd7 31. Qf3 Qc6 32. Qxc6+ Kxc6 33.
Rxf7 Rxf7 34. Rxf7 Rxg4 35. Rf3 e5 36. h3 Rg8 37. h4 Kd5 38. h5 Rh8 39. Rh3 Rh6
40. Rh4 Ke6 41. a4 bxa4 42. Rxa4 Rxh5+ 43. Kg2 Rf5 44. Rxa6 e4 45. c4 Rc5 46.
b3 Ke5 47. Kf2 d5 48. cxd5 1/2-1/2

[Event "2. Bundesliga West 2006/2007"]
[Site "Lustenau"]
[Date "2007.03.03"]
[Round "10.1"]
[White "Wallis, Anton"]
[Black "Muehlbacher, Bernhard"]
[Result "1/2-1/2"]
[WhiteElo "2136"]
[BlackElo "2042"]
[PlyCount "35"]
[EventDate "2006.10.21"]
[SourceDate "2006.10.21"]

1. e4 c5 2. Nf3 e6 3. d4 cxd4 4. Nxd4 a6 5. Bd3 Qc7 6. O-O b6 7. Nc3 Bb7 8. Be3
d6 9. f4 Nf6 10. Qf3 h5 11. f5 e5 12. Nb3 Nbd7 13. Bg5 Be7 14. Kh1 b5 15. a3
Rb8 16. Bxf6 Nxf6 17. Rad1 Qb6 18. Qf2 1/2-1/2

[Event "2. Bundesliga West 2006/2007"]
[Site "Lustenau"]
[Date "2007.03.03"]
[Round "10.2"]
[White "Bezold, Michael"]
[Black "Lanka, Zigurds"]
[Result "1/2-1/2"]
[WhiteElo "2508"]
[BlackElo "2497"]
[PlyCount "25"]
[EventDate "2006.10.21"]
[SourceDate "2006.10.21"]

1. e4 c5 2. Nf3 Nc6 3. Bb5 g6 4. Bxc6 dxc6 5. d3 Bg7 6. h3 Nf6 7. Nc3 O-O 8.
Be3 b6 9. Qd2 e5 10. Bh6 Qd6 11. Nh2 Rd8 12. O-O-O a5 13. Bg5 1/2-1/2

[Event "2. Bundesliga West 2006/2007"]
[Site "Lustenau"]
[Date "2007.03.03"]
[Round "10.2"]
[White "Maiwald, Jens Uwe"]
[Black "Drabke, Lorenz"]
[Result "1-0"]
[WhiteElo "2548"]
[BlackElo "2407"]
[PlyCount "79"]
[EventDate "2006.10.21"]
[SourceDate "2006.10.21"]

1. g3 d5 2. Bg2 Nf6 3. d3 c5 4. Nf3 Nc6 5. O-O Bg4 6. h3 Bh5 7. c4 e6 8. g4 Bg6
9. g5 Nd7 10. cxd5 exd5 11. Nh4 Nb6 12. Nc3 Qd7 13. a4 a5 14. f4 Bh5 15. Nb5
Be7 16. f5 f6 17. g6 hxg6 18. Nxg6 Bxg6 19. fxg6 Ne5 20. Bf4 Rc8 21. Bxe5 fxe5
22. Rf7 Rc6 23. Rxg7 Qf5 24. Qf1 Rf8 25. Qxf5 Rxf5 26. e4 Rg5 27. exd5 Rcxg6
28. Rxg6 Rxg6 29. Kh2 Bg5 30. Be4 Bf4+ 31. Kh1 Rg3 32. Nd6+ Kd7 33. Nxb7 Rxh3+
34. Kg1 Rh2 35. Nxc5+ Ke7 36. b3 Rb2 37. Nb7 Bd2 38. d6+ Kd7 39. Rf1 Bf4 40.
Rf3 1-0

[Event "2. Bundesliga West 2006/2007"]
[Site "Lustenau"]
[Date "2007.03.03"]
[Round "10.2"]
[White "Gaertner, Guntram"]
[Black "Gross, David"]
[Result "1/2-1/2"]
[WhiteElo "2312"]
[BlackElo "2471"]
[PlyCount "84"]
[EventDate "2006.10.21"]
[SourceDate "2006.10.21"]

1. d4 Nf6 2. c4 e6 3. Nc3 Bb4 4. Bg5 h6 5. Bh4 c5 6. d5 Bxc3+ 7. bxc3 d6 8. e3
Qe7 9. Nf3 e5 10. Qc2 Nbd7 11. Nd2 Kd8 12. Bd3 Kc7 13. O-O-O g5 14. Bg3 Nb6 15.
Rde1 Nh5 16. h3 Bd7 17. Bh2 Rae8 18. g4 Nf6 19. f3 h5 20. Bg3 hxg4 21. hxg4 Rc8
22. Bf5 Qe8 23. Bxd7 Qxd7 24. Qf5 Qxf5 25. gxf5 g4 26. Bh4 Nbd7 27. Bxf6 Nxf6
28. fxg4 Nxg4 29. Rxh8 Rxh8 30. Ne4 Rh4 31. Kd2 Nh6 32. Kd3 Nxf5 33. Rf1 Rh5
34. Nf6 Rg5 35. Ne4 Rh5 36. Nf6 Ng3 37. Nxh5 Nxf1 38. Ke2 Nh2 39. Nf6 Kd8 40.
Kf2 Ke7 41. Ng8+ Ke8 42. Nf6+ Ke7 1/2-1/2

[Event "2. Bundesliga West 2006/2007"]
[Site "Lustenau"]
[Date "2007.03.03"]
[Round "10.2"]
[White "Tabernig, Bernhard"]
[Black "Grabher, Heinz"]
[Result "1-0"]
[WhiteElo "2267"]
[BlackElo "2261"]
[PlyCount "79"]
[EventDate "2006.10.21"]
[SourceDate "2006.10.21"]

1. d4 Nf6 2. c4 e6 3. Nc3 Bb4 4. Qc2 c5 5. dxc5 Na6 6. a3 Bxc3+ 7. Qxc3 Nxc5 8.
b4 Nce4 9. Qd4 d5 10. e3 O-O 11. f3 Nd6 12. c5 Nf5 13. Qc3 e5 14. Qxe5 Re8 15.
Qb2 Nxe3 16. Bxe3 Rxe3+ 17. Kf2 Qe7 18. Qd4 Re5 19. Ne2 Bd7 20. Ng3 Re8 21. Ra2
h5 22. h4 a6 23. Re2 Rxe2+ 24. Bxe2 Qd8 25. Bd3 Qc7 26. Rd1 Qc6 27. Bc2 b6 28.
Bf5 bxc5 29. Qxc5 Qxc5+ 30. bxc5 Be6 31. c6 Rc8 32. Rc1 g6 33. Bd3 a5 34. Ke3
Kf8 35. Ne2 Ne8 36. Kd4 Ke7 37. Kc5 Nd6 38. Nd4 Nc4 39. Bxc4 dxc4 40. Nxe6 1-0

[Event "2. Bundesliga West 2006/2007"]
[Site "Lustenau"]
[Date "2007.03.03"]
[Round "10.2"]
[White "Burschowsky, Matthias"]
[Black "Schiestl, Josef"]
[Result "1/2-1/2"]
[WhiteElo "2132"]
[BlackElo "2125"]
[PlyCount "22"]
[EventDate "2006.10.21"]
[SourceDate "2006.10.21"]

1. Nf3 Nf6 2. c4 g6 3. b3 Bg7 4. Bb2 c5 5. e3 Nc6 6. Be2 O-O 7. O-O b6 8. d4
cxd4 9. Nxd4 Nxd4 10. Bxd4 Bb7 11. Nd2 Rc8 1/2-1/2

[Event "2. Bundesliga West 2006/2007"]
[Site "Lustenau"]
[Date "2007.03.03"]
[Round "10.2"]
[White "Platzgummer, Fabian"]
[Black "Baldauf, Marco"]
[Result "1/2-1/2"]
[WhiteElo "2076"]
[BlackElo "2142"]
[PlyCount "28"]
[EventDate "2006.10.21"]
[SourceDate "2006.10.21"]

1. e4 e6 2. d4 d5 3. Nd2 Nc6 4. Ngf3 Nf6 5. e5 Nd7 6. c3 f6 7. Bd3 fxe5 8. Nxe5
Ndxe5 9. dxe5 Nxe5 10. Qh5+ Nf7 11. Bxh7 Bd6 12. Nf3 Kf8 13. Nh4 Ne5 14. f4 Qe8
1/2-1/2

[Event "2. Bundesliga West 2006/2007"]
[Site "Lustenau"]
[Date "2007.03.03"]
[Round "10.3"]
[White "Hecht, Hans Joachim"]
[Black "Dovzik, Juri"]
[Result "1/2-1/2"]
[WhiteElo "2400"]
[BlackElo "2406"]
[PlyCount "28"]
[EventDate "2006.10.21"]
[SourceDate "2006.10.21"]

1. d4 d5 2. c4 dxc4 3. Nf3 Nf6 4. e3 e6 5. Bxc4 c5 6. O-O Nc6 7. Qe2 cxd4 8.
Rd1 Be7 9. Nc3 O-O 10. exd4 Na5 11. Bd3 b6 12. Bg5 Bb7 13. Rac1 Rc8 14. Bb1 Nd5
1/2-1/2

[Event "2. Bundesliga West 2006/2007"]
[Site "Lustenau"]
[Date "2007.03.03"]
[Round "10.3"]
[White "Webersberger, Johann"]
[Black "Bawart, Markus"]
[Result "1/2-1/2"]
[WhiteElo "2244"]
[BlackElo "2322"]
[PlyCount "32"]
[EventDate "2006.10.21"]
[SourceDate "2006.10.21"]

1. e4 e5 2. Nf3 Nf6 3. Nc3 Nc6 4. Bb5 Bb4 5. O-O d6 6. d3 O-O 7. Bg5 Bg4 8.
Bxc6 Bxc3 9. Bxb7 Bxb2 10. Bxa8 Bxa1 11. Bxf6 Bxf3 12. Bxd8 Bxd1 13. Bxc7 Bxc2
14. Bxd6 Rxa8 15. Rxa1 Bxd3 16. Bxe5 Bxe4 1/2-1/2

[Event "2. Bundesliga West 2006/2007"]
[Site "Lustenau"]
[Date "2007.03.03"]
[Round "10.3"]
[White "Bensch, Patrick"]
[Black "Schoeppl, Engelbert"]
[Result "1/2-1/2"]
[WhiteElo "2196"]
[BlackElo "2153"]
[PlyCount "66"]
[EventDate "2006.10.21"]
[SourceDate "2006.10.21"]

1. e4 c5 2. Nf3 Nc6 3. d4 cxd4 4. Nxd4 Nf6 5. Nc3 e5 6. Ndb5 d6 7. Bg5 a6 8.
Na3 b5 9. Nd5 Be7 10. Bxf6 Bxf6 11. c3 O-O 12. Nc2 Rb8 13. h4 Be7 14. g3 Be6
15. Bg2 Qd7 16. Qd2 Bd8 17. O-O g6 18. h5 Kg7 19. Kh2 f5 20. Rad1 Qf7 21. f4 g5
22. Qe2 g4 23. Nce3 Qxh5+ 24. Kg1 Ne7 25. Nxe7 Bxe7 26. exf5 Bxf5 27. Nd5 Bd8
28. fxe5 Re8 29. Nf6 Bb6+ 30. Rf2 Qg5 31. Nxe8+ Rxe8 32. Rxd6 Bxf2+ 33. Kxf2
Bc8 1/2-1/2

[Event "2. Bundesliga West 2006/2007"]
[Site "Lustenau"]
[Date "2007.03.03"]
[Round "10.3"]
[White "Stoeckl, Norbert"]
[Black "Ager, Josef"]
[Result "0-1"]
[WhiteElo "2053"]
[BlackElo "2213"]
[PlyCount "81"]
[EventDate "2006.10.21"]
[SourceDate "2006.10.21"]

1. e4 e5 2. Nf3 Nc6 3. Bb5 a6 4. Ba4 b5 5. Bb3 Nf6 6. O-O Be7 7. Re1 d6 8. c3
O-O 9. h3 Bb7 10. d4 Re8 11. Nbd2 Bf8 12. Bc2 h6 13. d5 Ne7 14. b3 c6 15. c4
Ng6 16. Nf1 Nh5 17. Ne3 Nhf4 18. dxc6 Bxc6 19. a4 bxa4 20. b4 Re7 21. h4 Rb7
22. g3 Ne6 23. Bd2 Nd4 24. Nxd4 exd4 25. Nf5 Ne5 26. Nxd4 Bd7 27. Qe2 Rc7 28.
Bd3 Qf6 29. Rec1 g5 30. hxg5 hxg5 31. f3 Bg7 32. Ra3 Rac8 33. Nf5 d5 34. c5
dxe4 35. fxe4 Nxd3 36. Rxd3 Bxf5 37. Rf1 Qb2 38. Rxf5 a3 39. Rxg5 a2 40. Rxg7+
Qxg7 41. Bc3 0-1

[Event "2. Bundesliga West 2006/2007"]
[Site "Lustenau"]
[Date "2007.03.03"]
[Round "10.4"]
[White "Novkovic, Julia"]
[Black "Tischbierek, Raj"]
[Result "0-1"]
[WhiteElo "2055"]
[BlackElo "2471"]
[PlyCount "66"]
[EventDate "2006.10.21"]
[SourceDate "2006.10.21"]

1. e4 g6 2. d4 d6 3. Nc3 Nf6 4. f3 c6 5. Be3 Nbd7 6. Nge2 b5 7. g4 Nb6 8. b3 e5
9. dxe5 dxe5 10. Qxd8+ Kxd8 11. a4 b4 12. a5 Nbd7 13. Na4 Ba6 14. g5 Ne8 15.
Rd1 Kc7 16. Bh3 Bc8 17. Kf2 h6 18. Bxd7 Bxd7 19. Nb6 axb6 20. axb6+ Kd8 21. Ra1
Rb8 22. Ra7 Nd6 23. Rd1 Nb7 24. c4 hxg5 25. Bxg5+ Be7 26. Bxe7+ Kxe7 27. Ra4
Rxh2+ 28. Ke3 f5 29. exf5 gxf5 30. Re1 c5 31. Ra6 Bc6 32. Rg1 Kf6 33. f4 exf4+
0-1

[Event "2. Bundesliga West 2006/2007"]
[Site "Lustenau"]
[Date "2007.03.03"]
[Round "10.4"]
[White "Schmidt, Georg"]
[Black "Kanonier, Clemens"]
[Result "1-0"]
[WhiteElo "2335"]
[BlackElo "2049"]
[PlyCount "57"]
[EventDate "2006.10.21"]
[SourceDate "2006.10.21"]

1. e4 e5 2. Nf3 Nc6 3. Bb5 a6 4. Ba4 Nf6 5. O-O Nxe4 6. d4 b5 7. Bb3 d5 8. dxe5
Be6 9. c3 Bc5 10. Nbd2 Nxf2 11. Rxf2 O-O 12. Nf1 Bxf2+ 13. Kxf2 f6 14. exf6
Qxf6 15. Bxd5 Bxd5 16. Qxd5+ Kh8 17. Bg5 Qg6 18. Re1 Rf5 19. Qe6 Qxg5 20. Qxc6
Raf8 21. Qxc7 Qf6 22. Re3 g5 23. Ng3 Rd5 24. Nh5 Qg6 25. g4 Rd2+ 26. Kg3 Rxb2
27. Qe5+ Kg8 28. Qd5+ Kh8 29. Ne5 1-0

[Event "2. Bundesliga West 2006/2007"]
[Site "Lustenau"]
[Date "2007.03.03"]
[Round "10.4"]
[White "Natter, Markus"]
[Black "Sprotte, Norbert"]
[Result "1/2-1/2"]
[WhiteElo "2041"]
[BlackElo "2274"]
[PlyCount "107"]
[EventDate "2006.10.21"]
[SourceDate "2006.10.21"]

1. e4 e6 2. d4 d5 3. e5 c5 4. c3 Nc6 5. Nf3 Qb6 6. a3 c4 7. Nbd2 Na5 8. h4 Bd7
9. h5 h6 10. g3 Ne7 11. Bh3 Nb3 12. Nxb3 Ba4 13. Nfd2 cxb3 14. O-O Nc6 15. Nf3
Na5 16. Rb1 Be7 17. Be3 Bb5 18. Re1 O-O-O 19. Nh2 Qa6 20. f4 Bd3 21. Bf1 Bxf1
22. Rxf1 Nc4 23. Bc1 Qb6 24. Ng4 g6 25. Ne3 Rdg8 26. Kh2 Rh7 27. hxg6 fxg6 28.
Qf3 Qc7 29. Nxc4 Qxc4 30. Bd2 h5 31. Rbe1 b5 32. Qe2 Qxe2+ 33. Rxe2 Kd7 34. Ra1
Kc6 35. a4 Bf8 36. Ree1 Rgg7 37. Rec1 Rc7 38. Kh3 Kb6 39. axb5 Kxb5 40. c4+
Rxc4 41. Ra5+ Kb6 42. Rca1 Rb7 43. Ra6+ Kc7 44. Rxe6 Rc2 45. Bc3 Rxc3 46. bxc3
b2 47. Rb1 a5 48. Ra6 Rb3 49. Ra8 Ba3 50. g4 Kb7 51. Rd8 Kc7 52. Ra8 Kb7 53.
Rd8 Kc7 54. Ra8 1/2-1/2

[Event "2. Bundesliga West 2006/2007"]
[Site "Lustenau"]
[Date "2007.03.03"]
[Round "10.4"]
[White "Opl, Klaus"]
[Black "Klocker, Benedikt"]
[Result "0-1"]
[WhiteElo "2324"]
[BlackElo "1959"]
[PlyCount "100"]
[EventDate "2006.10.21"]
[SourceDate "2006.10.21"]

1. e4 c5 2. Nf3 d6 3. d4 cxd4 4. Nxd4 Nf6 5. Nc3 g6 6. Be2 Bg7 7. O-O O-O 8.
Bg5 Nc6 9. Nb3 a6 10. Re1 b5 11. Bf1 Bb7 12. Nd5 e6 13. Nxf6+ Bxf6 14. Bxf6
Qxf6 15. Qxd6 Qxb2 16. Nc5 Rad8 17. Qc7 Ba8 18. Nd7 Rc8 19. Qf4 Rfd8 20. Nf6+
Kg7 21. e5 Nxe5 22. Rab1 Nf3+ 23. Qxf3 Qxb1 24. Qe3 Qxe1 25. Qxe1 Kxf6 26. Bd3
Bd5 27. f4 Kg7 28. h4 Kg8 29. h5 gxh5 30. Qh4 f5 31. Qg5+ Kf8 32. Be2 Rd7 33.
Bxh5 Rg7 34. Qf6+ Kg8 35. g4 Rf8 36. Qe5 fxg4 37. Qd6 Bxa2 38. Qxa6 Bc4 39. Qd6
Bd5 40. c3 Bc4 41. Kg2 g3 42. Bf3 h6 43. Qe5 Rf5 44. Qb8+ Kh7 45. Qd6 h5 46.
Kg1 h4 47. Be4 h3 48. Bxf5+ exf5 49. Qd8 h2+ 50. Kg2 Bf1+ 0-1

[Event "2. Bundesliga West 2006/2007"]
[Site "Lustenau"]
[Date "2007.03.03"]
[Round "10.4"]
[White "Klocker, Daniel"]
[Black "Peterwagner, Heinz"]
[Result "1/2-1/2"]
[WhiteElo "1938"]
[BlackElo "2174"]
[PlyCount "38"]
[EventDate "2006.10.21"]
[SourceDate "2006.10.21"]

1. e4 c5 2. c3 d5 3. exd5 Qxd5 4. d4 Nc6 5. Nf3 Bg4 6. Be2 e6 7. O-O Nf6 8. Be3
cxd4 9. cxd4 Be7 10. Nc3 Qd8 11. Qa4 O-O 12. Rad1 Nd5 13. Rd2 Rc8 14. Rc1 Nb6
15. Qd1 Nb4 16. Ne5 Bxe2 17. Qxe2 N4d5 18. Rdc2 Nb4 19. Rd2 N4d5 1/2-1/2

[Event "2. Bundesliga West 2006/2007"]
[Site "Lustenau"]
[Date "2007.03.03"]
[Round "10.4"]
[White "Hamberger, Hermann"]
[Black "Ladenhauf, Gideon"]
[Result "1-0"]
[WhiteElo "2086"]
[BlackElo "1820"]
[PlyCount "53"]
[EventDate "2006.10.21"]
[SourceDate "2006.10.21"]

1. e4 e6 2. Nf3 d5 3. Nc3 Nf6 4. e5 Nfd7 5. d4 c5 6. dxc5 Bxc5 7. Bd3 Nc6 8.
Bf4 Qb6 9. O-O a6 10. a3 Bd4 11. Qe2 Nc5 12. Nxd4 Nxd4 13. Qg4 Nxd3 14. Be3
Nxe5 15. Qxg7 Ng6 16. Bxd4 Qc7 17. f4 Bd7 18. f5 O-O-O 19. fxg6 hxg6 20. Qe5
Qxe5 21. Bxe5 Rh5 22. Rae1 Be8 23. Bf4 Rd6 24. g4 Rh7 25. Ne2 Bb5 26. Rf2 Bd7
27. Nd4 1-0

[Event "2. Bundesliga West 2006/2007"]
[Site "Lustenau"]
[Date "2007.03.03"]
[Round "10.5"]
[White "Pitl, Gregory"]
[Black "Hugentobler, Patrick"]
[Result "1-0"]
[WhiteElo "2330"]
[BlackElo "2194"]
[PlyCount "45"]
[EventDate "2006.10.21"]
[SourceDate "2006.10.21"]

1. e4 Nf6 2. e5 Nd5 3. d4 d6 4. c4 Nb6 5. f4 Bf5 6. Nc3 e6 7. Be3 dxe5 8. fxe5
Bb4 9. Nf3 c5 10. Qb3 Nc6 11. dxc5 Nd7 12. O-O-O Bxc3 13. Qxc3 Qc7 14. Rd6 O-O
15. Be2 b6 16. g4 Bg6 17. h4 Nxc5 18. h5 Ne4 19. Qe1 Nxd6 20. exd6 Qxd6 21.
hxg6 hxg6 22. Ng5 f6 23. Rh8+ 1-0

[Event "2. Bundesliga West 2006/2007"]
[Site "Lustenau"]
[Date "2007.03.03"]
[Round "10.5"]
[White "Doskocil, Klaus"]
[Black "Pitschka, Klaus"]
[Result "1/2-1/2"]
[WhiteElo "2111"]
[BlackElo "2246"]
[PlyCount "36"]
[EventDate "2006.10.21"]
[SourceDate "2006.10.21"]

1. e4 Nf6 2. Nc3 d5 3. exd5 Nxd5 4. Nf3 Bg4 5. Bc4 e6 6. h3 Bh5 7. O-O Be7 8.
Re1 O-O 9. Ne4 Nd7 10. Ng3 Bg6 11. c3 c5 12. d4 N5b6 13. Bd3 Bxd3 14. Qxd3 cxd4
15. Nxd4 Rc8 16. Qe2 a6 17. Be3 Nc4 18. Rad1 Nxe3 1/2-1/2

[Event "2. Bundesliga West 2006/2007"]
[Site "Lustenau"]
[Date "2007.03.03"]
[Round "10.5"]
[White "Hager, Franz"]
[Black "Fröwis, Georg"]
[Result "0-1"]
[WhiteElo "2201"]
[BlackElo "2162"]
[PlyCount "56"]
[EventDate "2006.10.21"]
[SourceDate "2006.10.21"]

1. d4 Nf6 2. c4 c5 3. e3 e6 4. Nf3 d5 5. Nc3 a6 6. a4 Nc6 7. Be2 Be7 8. O-O O-O
9. cxd5 exd5 10. dxc5 Bxc5 11. Qb3 d4 12. exd4 Be6 13. Qc2 Nxd4 14. Nxd4 Bxd4
15. Bf3 Qb6 16. a5 Qa7 17. Bg5 Rac8 18. h3 h6 19. Bh4 Nd5 20. Qe4 Nxc3 21. bxc3
Bxc3 22. Rab1 Rc4 23. Qd3 Qc5 24. Bg3 Bf5 25. Qd1 Bxb1 26. Bd6 Bc2 27. Bxc5
Bxd1 28. Bxf8 Bxf3 0-1

[Event "2. Bundesliga West 2006/2007"]
[Site "Lustenau"]
[Date "2007.03.03"]
[Round "10.5"]
[White "Mrsic, Robert"]
[Black "Marchhart, Matthias"]
[Result "0-1"]
[WhiteElo "2086"]
[BlackElo "2123"]
[PlyCount "74"]
[EventDate "2006.10.21"]
[SourceDate "2006.10.21"]

1. e4 c5 2. Nf3 Nc6 3. Bb5 g6 4. O-O Bg7 5. c3 e5 6. Na3 Nge7 7. Nc2 a6 8. Bxc6
dxc6 9. d3 O-O 10. Be3 Qd6 11. a4 Bg4 12. b4 cxb4 13. cxb4 Bxf3 14. gxf3 Rfd8
15. Bc5 Qf6 16. Ne3 b5 17. Qd2 h5 18. Kh1 Kh8 19. Rg1 Ng8 20. Rg2 Qe6 21. Rag1
Nh6 22. a5 Bf8 23. Bxf8 Rxf8 24. Rg5 Rg8 25. Qb2 f6 26. R5g2 Rad8 27. Qc3 Rd6
28. Qc5 Qd7 29. Rc1 Nf7 30. Rcg1 Rxd3 31. Nf5 Ng5 32. Ne7 Rg7 33. Nxc6 Nxf3 34.
Nb8 Qh3 35. Rc1 Nh4 36. Rg3 Rxg3 37. fxg3 Qg2# 0-1

[Event "2. Bundesliga West 2006/2007"]
[Site "Lustenau"]
[Date "2007.03.03"]
[Round "10.5"]
[White "Lickleder, Andreas"]
[Black "Haemmerle, Gernot"]
[Result "1-0"]
[WhiteElo "2245"]
[BlackElo "1935"]
[PlyCount "75"]
[EventDate "2006.10.21"]
[SourceDate "2006.10.21"]

1. e4 c5 2. Nf3 d6 3. d4 cxd4 4. Nxd4 Nf6 5. Nc3 Bd7 6. Bg5 a6 7. Qd2 b5 8. f3
g6 9. a4 bxa4 10. Nxa4 Bg7 11. Be3 O-O 12. Be2 Qc7 13. O-O Rc8 14. c4 Bxa4 15.
Rxa4 Nfd7 16. Rc1 Nc6 17. Nxc6 Qxc6 18. Rca1 Nc5 19. Rb4 Rab8 20. Ra3 Rb7 21.
Rxb7 Qxb7 22. b4 Nd7 23. c5 Rc6 24. cxd6 Rxd6 25. Rd3 Rxd3 26. Bxd3 Nf8 27. Bc4
Ne6 28. g3 Qc6 29. Qd3 Qa4 30. Bd2 Qd1+ 31. Kg2 h5 32. Be3 Qe1 33. Bxe6 fxe6
34. Bc5 Kf7 35. Qxa6 Qd2+ 36. Kh3 h4 37. Qf1 Be5 38. Qf2 1-0

[Event "2. Bundesliga West 2006/2007"]
[Site "Lustenau"]
[Date "2007.03.03"]
[Round "10.6"]
[White "Wohl, Aleksandar H"]
[Black "Halasz, Tamas"]
[Result "1-0"]
[WhiteElo "2437"]
[BlackElo "2366"]
[PlyCount "59"]
[EventDate "2006.10.21"]
[SourceDate "2006.10.21"]

1. e4 e5 2. Nf3 Nf6 3. Nxe5 d6 4. Nxf7 Kxf7 5. d4 c5 6. dxc5 Nc6 7. Bc4+ Be6 8.
Bxe6+ Kxe6 9. Nc3 dxc5 10. Qe2 Nd4 11. Qc4+ Kd7 12. O-O Qe7 13. Be3 Qe6 14. Qd3
Rd8 15. Bxd4 Kc8 16. Nb5 cxd4 17. Nxa7+ Kb8 18. Nb5 Bd6 19. Rae1 Ng4 20. e5 Bc5
21. Re4 Rhe8 22. b4 Bb6 23. a4 Nf6 24. Ree1 Rd5 25. exf6 Qxe1 26. h3 Qxf1+ 27.
Kxf1 Rf8 28. Qg3+ Ka8 29. Qxg7 Rdd8 30. a5 1-0

[Event "2. Bundesliga West 2006/2007"]
[Site "Lustenau"]
[Date "2007.03.03"]
[Round "10.6"]
[White "Blaskowski, Johannes"]
[Black "Lawitsch, Guenther"]
[Result "1/2-1/2"]
[WhiteElo "2351"]
[BlackElo "2231"]
[PlyCount "50"]
[EventDate "2006.10.21"]
[SourceDate "2006.10.21"]

1. e4 e6 2. d4 d5 3. Nc3 Nf6 4. Bg5 Be7 5. e5 Nfd7 6. Bxe7 Qxe7 7. f4 a6 8. Nf3
c5 9. dxc5 Nc6 10. Bd3 f6 11. exf6 Qxf6 12. g3 Nxc5 13. O-O O-O 14. Qd2 Nxd3
15. cxd3 e5 16. Rae1 d4 17. Ne4 Qg6 18. Nxe5 Nxe5 19. fxe5 Bh3 20. Rxf8+ Rxf8
21. Nf2 Be6 22. Re4 Qh5 23. Rxd4 Qxe5 24. Re4 Qd6 25. a3 Bd5 1/2-1/2

[Event "2. Bundesliga West 2006/2007"]
[Site "Lustenau"]
[Date "2007.03.03"]
[Round "10.6"]
[White "Gruber, Michael"]
[Black "Neuschmied, Siegfried"]
[Result "0-1"]
[WhiteElo "2074"]
[BlackElo "2254"]
[PlyCount "56"]
[EventDate "2006.10.21"]
[SourceDate "2006.10.21"]

1. e4 c5 2. Nf3 d6 3. d4 cxd4 4. Nxd4 Nf6 5. Nc3 Nc6 6. Bg5 e6 7. Qd2 a6 8. f4
Bd7 9. O-O-O b5 10. Bxb5 axb5 11. Ndxb5 h6 12. Bxf6 gxf6 13. Nxd6+ Bxd6 14.
Qxd6 Qe7 15. Qd2 Rd8 16. Rhe1 Kf8 17. Nd5 exd5 18. exd5 Be6 19. Qc3 Nb4 20. Qa3
Qc5 21. c3 Nxa2+ 22. Qxa2 Rxd5 23. Rxd5 Bxd5 24. Qa6 Kg7 25. Qe2 Be6 26. Qe3
Qa5 27. Qg3+ Kh7 28. Qf3 Qa1+ 0-1

[Event "2. Bundesliga West 2006/2007"]
[Site "Lustenau"]
[Date "2007.03.03"]
[Round "10.6"]
[White "Grundherr, Martin"]
[Black "Riedl, Johannes"]
[Result "1/2-1/2"]
[WhiteElo "2326"]
[BlackElo "2083"]
[PlyCount "40"]
[EventDate "2006.10.21"]
[SourceDate "2006.10.21"]

1. Nf3 f5 2. d3 Nf6 3. Bg5 g6 4. Bxf6 exf6 5. e4 d5 6. exd5 Qxd5 7. d4 Be6 8.
Nbd2 Qd7 9. Bc4 Bxc4 10. Nxc4 Nc6 11. Qe2+ Be7 12. O-O-O O-O-O 13. c3 Bf8 14.
d5 Bh6+ 15. Kb1 Nb8 16. Nd4 Rde8 17. Ne6 Na6 18. Qf3 Qb5 19. Rd4 Kb8 20. Re1
Bf8 1/2-1/2

[Event "2. Bundesliga West 2006/2007"]
[Site "Lustenau"]
[Date "2007.03.03"]
[Round "10.6"]
[White "Thoeny, Hermann"]
[Black "Eybl, Alexander"]
[Result "1/2-1/2"]
[WhiteElo "2113"]
[BlackElo "2213"]
[PlyCount "30"]
[EventDate "2006.10.21"]
[SourceDate "2006.10.21"]

1. d4 Nf6 2. Nf3 e6 3. g3 c5 4. Bg2 cxd4 5. Nxd4 a6 6. O-O Qc7 7. Nb3 Nc6 8.
Bg5 d6 9. c4 b6 10. Nc3 Rb8 11. Rc1 Ne5 12. Ne4 Nxe4 13. Bxe4 Bb7 14. Bxb7 Rxb7
15. Nd4 Qd7 1/2-1/2

[Event "2. Bundesliga West 2006/2007"]
[Site "Lustenau"]
[Date "2007.03.03"]
[Round "10.4"]
[White "Hamberger, Hermann"]
[Black "Ladenhauf, Gideon"]
[Result "1-0"]
[WhiteElo "2086"]
[BlackElo "1820"]
[PlyCount "53"]
[EventDate "2006.10.21"]
[SourceDate "2006.10.21"]

1. e4 e6 2. Nf3 d5 3. Nc3 Nf6 4. e5 Nfd7 5. d4 c5 6. dxc5 Bxc5 7. Bd3 Nc6 8.
Bf4 Qb6 9. O-O a6 10. a3 Bd4 11. Qe2 Nc5 12. Nxd4 Nxd4 13. Qg4 Nxd3 14. Be3
Nxe5 15. Qxg7 Ng6 16. Bxd4 Qc7 17. f4 Bd7 18. f5 O-O-O 19. fxg6 hxg6 20. Qe5
Qxe5 21. Bxe5 Rh5 22. Rae1 Be8 23. Bf6 Rd6 24. g4 Rh7 25. Ne2 Bb5 26. Rf2 Bd7
27. Nd4 1-0